Absolutní právo píše se rok 2010 : existuje pouze virtuální džungle : je nejsilnější a je všude kolem nás

Bibliographic Details
Other Authors: King, Rick (Author of dialog), Lamas, Lorenzo (uci), Sarandon, Chris (uci), Coyotte, Peter (uci), Salinová, Yari (uci)
Format: Book
Language:Czech
PhysicalDescription:1 videokazeta (93 min.) stereo, fareb., VHS systém PAL 10x19 cm
Published: Bratislava Intersonic 1996
Subjects:

MARC

LEADER 00000nam a2200000 a 4500
001 vtls001219277
003 SK-MaSNL
005 20260301194811.0
008 251031s1996 xo 0 cze
015 |a SNBJ1996/0100528 
035 |a SNK000163386 
040 |a SNK  |b slo  |c SNK  |e AACR2 
041 0 |a cze 
044 |a xo  |c SK 
080 |a 791.43(73)(086.8)  |2 1981 
240 1 0 |a Cybertech P.D. 
245 1 |a Absolutní právo  |h videozáznam  |b píše se rok 2010 : existuje pouze virtuální džungle : je nejsilnější a je všude kolem nás  |c réžia Rick King 
246 1 0 |a Cybertech P. D. 
260 |a Bratislava  |b Intersonic  |c 1996 
300 |a 1 videokazeta (93 min.)  |b stereo, fareb., VHS systém PAL  |c 10x19 cm 
511 |a Hrajú: Lorenzo Lamas, Chris Sarandon, Peter Coyotte, Yari Sulinová 
521 |a Mládeži do 15 r. nevhodné 
650 0 7 |a filmy akčné  |x videokazety  |2 SNK  |9 283651 
655 7 |a videokazety  |2 SNK  |9 70726 
700 1 |a King, Rick  |4 aud  |9 40501 
700 1 |a Lamas, Lorenzo  |4 uci  |9 12462 
700 1 |a Sarandon, Chris  |4 uci  |9 40587 
700 1 |a Coyotte, Peter  |4 uci  |9 43214 
700 1 |a Salinová, Yari  |4 uci  |9 46660 
730 |t Cybertech P.D.  |9 575894 
999 |c 883191  |d 885121 
952 |t P60, <03>, [BOOK], {603}  |a SNK  |b SNK  |y PREZ  |7 0  |p 17A0005546  |o snkSVC 700  |i snkJK 88/96  |0 0  |1 0  |4 0  |d 1996-07-02  |l 0  |r 2005-01-01 00:00:00  |w 2026-02-24